[Event "Challenge"]
[Site "http://www.queenalice.com/game.php?id=764484"]
[Date "2010.4.22"]
[Round "-"]
[White "ysar"]
[Black "KLEOJ"]
[Result "1-0"]
[WhiteElo "2082"]
[BlackElo "2099"]

1. e4 Nc6 2. d4 d5 3. Nc3 e6 4. Nf3 Bb4 5. Bd3 dxe4 6. Bxe4 Nf6 7. Bg5 h6 8.
Bxf6 Qxf6 9. O-O O-O 10. a3 Bd6 11. Ne2 e5 12. d5 Ne7 13. c4 b6 14. b4 a5 15. c5
bxc5 16. bxc5 Bxc5 17. d6 Rd8 18. dxe7 Bxe7 19. Qc2 Rb8 20. Nc3 Be6 21. Rfd1 g6
22. Rxd8+ Rxd8 23. Qa4 Bc5 24. Qxa5 Bb6 25. Qb5 g5 26. h3 h5 27. Rd1 Rb8 28.
Qxe5 Qxe5 29. Nxe5 Bc5 30. a4 Rb2 31. Nd3 Bd4 32. Nxb2 Bxc3 33. Nd3 Kg7 34. Rc1
Ba5 35. Rc5 1-0

[Event "AUTO-MASTER-1107"]
[Site "http://www.queenalice.com/game.php?id=769076"]
[Date "2010.5.1"]
[Round "1"]
[White "Mix"]
[Black "ysar"]
[Result "1-0"]
[WhiteElo "2245"]
[BlackElo "2115"]

1. d4 d5 2. c4 c6 3. Nf3 Nf6 4. Nc3 dxc4 5. a4 Bg4 6. Ne5 Nbd7 7. Nxg4 Nxg4 8.
e4 e5 9. d5 Ngf6 10. dxc6 bxc6 11. Bxc4 Bc5 12. O-O O-O 13. Qe2 a5 14. Be3 Qb6
15. Bg5 Rab8 16. b3 Bd4 17. Rac1 h6 18. Bh4 Qb4 19. Nd1 g5 20. Bg3 Nc5 21. Ne3
Ncxe4 22. Nf5 Rbd8 23. Nxh6+ Kg7 24. Nf5+ Kg6 25. Bd3 Kxf5 26. Qf3+ Kg6 27.
Bxe4+ Nxe4 28. Qxe4+ f5 29. Qxc6+ Rd6 30. Qc2 Kf6 31. h3 Rb6 32. Rfe1 Re8 33.
Qd1 Qxb3 34. Rc6+ Re6 35. Bxe5+ Bxe5 36. Qd8+ Kf7 37. Rxb6 1-0

[Event "AUTO-MASTER-1107"]
[Site "http://www.queenalice.com/game.php?id=769077"]
[Date "2010.5.1"]
[Round "1"]
[White "ysar"]
[Black "Mix"]
[Result "1/2-1/2"]
[WhiteElo "2127"]
[BlackElo "2286"]

1. e4 c6 2. d4 d5 3. Nc3 dxe4 4. Nxe4 Nd7 5. Ng5 Ngf6 6. Bd3 e6 7. N1f3 Bd6 8.
Qe2 h6 9. Ne4 Nxe4 10. Qxe4 Nf6 11. Qe2 Qc7 12. Bd2 b6 13. O-O-O Bb7 14. Kb1
O-O-O 15. c4 Kb8 16. Rhe1 Rhe8 17. Bc3 c5 18. h3 cxd4 19. Bxd4 Bc5 20. Bc3 Bxf3
21. Qxf3 Bd4 22. Bd2 Qb7 23. Qg3+ Qc7 24. Qxc7+ Kxc7 25. Be3 Bxe3 26. Rxe3 Re7
27. Kc2 Red7 28. Be2 Rxd1 29. Bxd1 Rd4 30. b3 Ne4 31. f3 Ng3 32. Rd3 Rxd3 33.
Kxd3 Kd6 34. b4 e5 35. Bc2 Nf5 36. Ke4 Nd4 37. Bd1 f5+ 38. Kd3 Nc6 39. a3 g5 40.
Ba4 Nd4 41. Bd1 Ne6 42. g3 h5 43. Be2 h4 44. gxh4 gxh4 45. Bf1 Nf4+ 46. Kc3 Kc6
47. Kd2 Kd7 48. Kc3 a6 1/2-1/2

[Event "AUTO-MASTER-1107"]
[Site "http://www.queenalice.com/game.php?id=769092"]
[Date "2010.5.1"]
[Round "1"]
[White "ysar"]
[Black "worlddomination"]
[Result "1-0"]
[WhiteElo "2057"]
[BlackElo "1930"]

1. e4 c5 2. Nf3 d6 3. d4 cxd4 4. Nxd4 Nf6 5. Nc3 g6 6. Be3 Bg7 7. Be2 Nc6 8. Qd2
O-O 9. O-O-O Ng4 10. Bxg4 Bxg4 11. f3 Be6 12. Nxe6 fxe6 13. Bh6 1-0

[Event "AUTO-MASTER-1107"]
[Site "http://www.queenalice.com/game.php?id=769093"]
[Date "2010.5.1"]
[Round "1"]
[White "worlddomination"]
[Black "ysar"]
[Result "0-1"]
[WhiteElo "1919"]
[BlackElo "2068"]

1. e4 c5 2. Nf3 a6 3. c3 d5 4. exd5 Qxd5 5. d4 Nf6 6. Be2 e6 7. O-O cxd4 8. cxd4
Nc6 9. Nc3 Qd8 10. Re1 Bd6 11. d5 exd5 12. Bc4+ Be7 13. Nxd5 Nxd5 0-1

[Event "AUTO-MASTER-1107"]
[Site "http://www.queenalice.com/game.php?id=769094"]
[Date "2010.5.1"]
[Round "1"]
[White "ysar"]
[Black "kookaburra"]
[Result "1-0"]
[WhiteElo "2099"]
[BlackElo "2159"]

1. e4 c5 2. Nf3 Nc6 3. d4 cxd4 4. Nxd4 Nf6 5. Nc3 e5 6. Nde2 Bb4 7. a3 Be7 8.
Ng3 O-O 9. Bc4 d6 10. O-O a6 11. h3 b5 12. Ba2 Be6 13. Nd5 Bxd5 14. Bxd5 Rc8 15.
c3 Na5 16. Ba2 Nc4 17. Re1 g6 18. Qe2 Qc7 19. Bh6 Rfe8 20. Rad1 Qc5 21. Bg5 Qc7
22. Kh1 Kg7 23. h4 h6 24. Bc1 h5 25. Rd3 Nh7 26. Nf5+ gxf5 27. Qxh5 Bf6 28. Qxf5
Rg8 29. g4 Kh8 30. g5 Bg7 31. h5 Qe7 32. Rh3 Rcd8 33. g6 Bf6 34. gxh7 Rg7 35. h6
Rxh7 36. Rg1 Rg8 37. Rxg8+ Kxg8 38. Qc8+ Qd8 39. Qxa6 Qd7 40. Rg3+ Kf8 41. Bxc4
bxc4 42. Qxc4 Bh4 43. Rd3 Qg4 44. Qd5 Ke8 45. Qxd6 Qxe4+ 46. Kh2 Qf5 47. Be3 Qh5
48. Qd7+ Kf8 49. Bc5+ Be7+ 50. Rh3 Qxh3+ 51. Qxh3 1-0

[Event "AUTO-MASTER-1107"]
[Site "http://www.queenalice.com/game.php?id=769095"]
[Date "2010.5.1"]
[Round "1"]
[White "kookaburra"]
[Black "ysar"]
[Result "0-1"]
[WhiteElo "2184"]
[BlackElo "2113"]

1. Nf3 d5 2. c4 c6 3. d4 Nf6 4. Nc3 dxc4 5. e3 b5 6. Be2 e6 7. O-O Nbd7 8. a3 a6
9. e4 Bb7 10. Bg5 Be7 11. e5 Nd5 12. Ne4 O-O 13. Bxe7 Qxe7 14. Qc2 c5 15. Neg5
g6 16. dxc5 Nxe5 17. Ne4 Nxf3+ 18. Bxf3 Rac8 19. Rfe1 Ba8 20. b4 cxb3 21. Qxb3
f5 22. Nc3 Nxc3 23. Bxa8 Rxa8 24. Qxc3 Rac8 25. Re5 Rc6 26. Rae1 Rfc8 27. Rc1
Kf7 28. g3 Rd8 29. Qf3 Rdc8 30. Qe3 Qc7 31. h4 Kf6 32. Re1 Re8 33. Qg5+ Kf7 34.
Qe3 Qb7 35. Qh6 Kf6 36. g4 Qg7 37. Qg5+ Kf7 38. Qf4 Qf6 39. g5 Qd8 40. Qe3 Qd7
41. h5 Rd8 42. hxg6+ hxg6 43. Qh3 Rg8 44. Qf3 Rgc8 45. Rd1 Qe7 46. Qe3 Rxc5 47.
Rxc5 Rxc5 48. f4 Qc7 49. Qd4 e5 50. Qd6 Qxd6 51. Rxd6 a5 52. Rf6+ Kg7 53. Ra6 b4
54. axb4 axb4 55. Ra7+ Kf8 56. Rb7 exf4 57. Rxb4 Rc3 0-1

[Event "Challenge"]
[Site "http://www.queenalice.com/game.php?id=769604"]
[Date "2010.5.2"]
[Round "-"]
[White "babycrocket"]
[Black "ysar"]
[Result "0-1"]
[WhiteElo "1852"]
[BlackElo "2049"]

1. d4 d5 2. Nf3 c6 3. e3 Nf6 4. c4 e6 5. Nc3 Nbd7 6. Qc2 Bd6 7. Bd2 a6 8. a3 O-O
9. Bd3 dxc4 10. Bxc4 b5 11. Bd3 Bb7 12. O-O-O a5 13. Ne4 Nxe4 14. Bxe4 Nf6 15.
Bd3 c5 16. Kb1 c4 17. Be2 Be4 0-1

[Event "AUTO-ADV-1681"]
[Site "http://www.queenalice.com/game.php?id=806823"]
[Date "2010.7.22"]
[Round "2"]
[White "ysar"]
[Black "vininetto"]
[Result "1-0"]
[WhiteElo "2133"]
[BlackElo "1966"]

1. e4 c5 2. Nf3 d6 3. d4 cxd4 4. Nxd4 Nf6 5. Nc3 g6 6. Be3 Bg7 7. f3 Nc6 8. Qd2
O-O 9. O-O-O Bd7 10. g4 Rb8 11. h4 h5 12. Be2 hxg4 13. fxg4 Bxg4 14. Rdg1 Bxe2
15. Qxe2 Nh5 16. Nf5 e6 17. Nxg7 Nxg7 18. h5 1-0

[Event "AUTO-ADV-1681"]
[Site "http://www.queenalice.com/game.php?id=806824"]
[Date "2010.7.22"]
[Round "2"]
[White "vininetto"]
[Black "ysar"]
[Result "1/2-1/2"]
[WhiteElo "2028"]
[BlackElo "2156"]

1. d4 d5 2. c4 dxc4 3. e4 b5 4. Nc3 c6 5. Nf3 Bb7 6. a3 e6 7. Be2 Nf6 8. Bg5 Be7
9. O-O O-O 10. b3 cxb3 11. Qxb3 a6 12. Rfd1 Nbd7 13. Rac1 Rc8 14. e5 Nd5 15.
Nxd5 Bxg5 16. Ne3 Be7 17. Nd2 Nb6 18. Ne4 Nd5 19. Nc5 Bxc5 20. Rxc5 Qe7 21. Ng4
Rfd8 22. Qg3 Kh8 23. Bd3 h6 24. Bb1 Qg5 25. h4 Qf4 26. Qd3 g6 27. Qh3 h5 28. Nh2
Ne7 29. Nf3 Nf5 30. Bxf5 Qxf5 31. Qxf5 gxf5 32. Kf1 Rd7 33. Ke2 Rcd8 34. Ke3 Rd5
35. Rdc1 Kg7 36. R1c2 f6 37. Rxd5 Rxd5 38. Rc5 Rxc5 39. dxc5 fxe5 40. Nxe5 Kf6
41. f4 Ke7 42. Kd4 Kd8 43. Kc3 a5 44. g3 Kc7 45. Nf3 Bc8 46. Ng5 Bd7 47. Nh7 Be8
48. Ng5 Kd7 49. Nf3 Kc7 1/2-1/2

[Event "AUTO-ADV-1681"]
[Site "http://www.queenalice.com/game.php?id=806825"]
[Date "2010.7.22"]
[Round "2"]
[White "ysar"]
[Black "leoescudero"]
[Result "1-0"]
[WhiteElo "2105"]
[BlackElo "1962"]

1. e4 c5 2. Nf3 Nc6 3. Bb5 a6 4. Bxc6 bxc6 5. d3 d5 6. Nbd2 g6 7. Qe2 Bg7 8. Nb3
Bg4 9. O-O Nf6 10. Nxc5 dxe4 11. Nxe4 O-O 12. h3 Bxf3 13. Qxf3 Nd5 14. c3 Qb6
15. d4 a5 16. Rb1 Rfd8 17. Bg5 a4 18. a3 Rab8 19. Nc5 h6 20. Bh4 Nf6 21. Nxa4
Qb5 22. Nc5 Rd5 23. Rfe1 Rf5 24. Qe2 e6 25. Qxb5 Rxb5 26. g4 Rfxc5 27. dxc5 Rxc5
28. Bg3 Nd5 29. Be5 1-0

[Event "AUTO-ADV-1681"]
[Site "http://www.queenalice.com/game.php?id=806826"]
[Date "2010.7.22"]
[Round "2"]
[White "leoescudero"]
[Black "ysar"]
[Result "0-1"]
[WhiteElo "1945"]
[BlackElo "2096"]

1. e4 e5 2. Nf3 Nc6 3. Bc4 Nf6 4. d3 Bc5 5. O-O d6 6. c3 Bg4 7. Na3 Qd7 8. b4
Bb6 9. Nc2 O-O 10. Ne3 Be6 11. Ng5 Bxc4 12. Nxc4 d5 13. exd5 Qxd5 14. Be3 Rfd8
15. Nxb6 axb6 16. Qb3 h6 17. Ne4 Nxe4 18. Qxd5 Rxd5 19. dxe4 Rd3 20. Rfd1 Rxc3
21. b5 Nd4 22. Rdb1 Nc2 23. Rc1 Raa3 24. Bd2 Rc5 25. Rab1 Rxa2 26. f3 Nd4 27.
Be3 Rxc1+ 28. Bxc1 Ra5 0-1

[Event "Challenge"]
[Site "http://www.queenalice.com/game.php?id=833551"]
[Date "2010.9.16"]
[Round "-"]
[White "ysar"]
[Black "KLEOJ"]
[Result "1-0"]
[WhiteElo "2140"]
[BlackElo "2151"]

1. Nf3 Nc6 2. d4 d5 3. c4 Bg4 4. cxd5 Bxf3 5. gxf3 Qxd5 6. e3 e5 7. Nc3 Bb4 8.
Bd2 Bxc3 9. bxc3 Qd6 10. Qb3 Rb8 11. d5 Nce7 12. c4 Nf6 13. Bd3 O-O 14. Bb4 Qd7
15. Qc3 b5 16. Qxe5 Ng6 17. Bxg6 hxg6 18. Bxf8 Kxf8 19. Rb1 Re8 20. Qc3 bxc4 21.
Qxc4 Nxd5 22. Rd1 c6 23. O-O Qf5 24. Qxc6 Nf6 25. f4 g5 26. fxg5 Ne4 27. f3 Nxg5
28. Qd6+ Kg8 29. Qg3 g6 30. e4 Qf6 31. Rd6 Qe7 32. Rfd1 Kg7 33. Rd7 Qf6 34. Kg2
Rb8 35. R1d2 Rb1 36. R7d6 Qa1 37. Qf2 Ne6 38. Rxe6 fxe6 39. Rd7+ Kg8 40. Rd8+
Kf7 41. Qxa7+ 1-0

[Event "Challenge"]
[Site "http://www.queenalice.com/game.php?id=872860"]
[Date "2010.12.16"]
[Round "-"]
[White "adrianaluz"]
[Black "ysar"]
[Result "0-1"]
[WhiteElo "1295"]
[BlackElo "2152"]

1. e4 d6 2. Bb5+ c6 3. Bc4 Nf6 4. Qf3 Nbd7 5. Nh3 Ne5 6. Qa3 Nxc4 7. O-O Nxa3 8.
d3 Nxc2 9. Ng5 Nxa1 10. d4 h6 11. Nf3 Nc2 12. Rd1 Nxe4 13. a4 Bg4 14. Nbd2 d5
15. h3 Nxd4 0-1

[Event "Challenge"]
[Site "http://www.queenalice.com/game.php?id=886328"]
[Date "2011.1.14"]
[Round "-"]
[White "ysar"]
[Black "KLEOJ"]
[Result "1-0"]
[WhiteElo "2144"]
[BlackElo "2158"]

1. d4 Nc6 2. e4 d5 3. Nc3 e6 4. Nf3 Bb4 5. Bd3 dxe4 6. Bxe4 Nf6 7. Bg5 h6 8.
Bxf6 Qxf6 9. O-O O-O 10. Ne2 Bd6 11. c3 e5 12. d5 Ne7 13. Ng3 g6 14. Qd2 Qg7 15.
Rac1 f5 16. Bc2 Bd7 17. c4 e4 18. Nd4 Be5 19. Rcd1 a6 20. b3 c6 21. dxc6 Nxc6
22. Nxc6 Bxc6 23. Qe2 Rfe8 24. b4 Kh7 25. b5 axb5 26. cxb5 Bd7 27. Bb3 Be6 28.
Bxe6 Rxe6 29. Qc4 Re7 30. Rd5 Rc7 31. Qb3 b6 32. Rfd1 Re8 33. Ne2 Qe7 34. Nd4
Qh4 35. g3 Qh5 36. Nc6 Bg7 37. Rd7 Rxd7 38. Rxd7 e3 39. fxe3 Qe2 40. Qc3 Qxe3+
41. Qxe3 Rxe3 42. a4 Ra3 43. Ra7 h5 44. a5 bxa5 45. b6 Rb3 46. b7 Kh6 47. Kg2
Rb2+ 48. Kf3 Rb3+ 49. Kf4 Bf8 50. Ke5 Rb5+ 51. Ke6 Rb6 52. Kd7 a4 53. b8=Q 1-0

[Event "AUTO-ADV-1681"]
[Site "http://www.queenalice.com/game.php?id=942434"]
[Date "2011.5.25"]
[Round "3"]
[White "ysar"]
[Black "pgierech"]
[Result "1-0"]
[WhiteElo "2157"]
[BlackElo "1918"]

1. e4 d5 2. exd5 Qxd5 3. Nc3 Qa5 4. d4 c6 5. Nf3 Bg4 6. Bd3 e6 7. h3 Bf5 8. O-O
Bxd3 9. Qxd3 Nf6 10. Bf4 Nbd7 11. a3 Be7 12. b4 Qh5 13. Rfe1 O-O 14. Rad1 Rad8
15. Qe3 Nb6 16. Qd3 Nbd5 17. Nxd5 Nxd5 18. Bg3 Bd6 19. Be5 Bxe5 20. Nxe5 Nf4 21.
Qe4 Qg5 22. Qf3 Ng6 23. Nc4 Rd5 24. Ne3 Rd7 25. Rd3 Nf4 26. Rd2 e5 27. Red1 Rfd8
28. c3 Ne6 29. d5 cxd5 30. Nxd5 Nf4 31. Nf6+ gxf6 32. Rxd7 Rxd7 33. Rxd7 e4 34.
Qg4 1-0

[Event "AUTO-ADV-1681"]
[Site "http://www.queenalice.com/game.php?id=942435"]
[Date "2011.5.25"]
[Round "3"]
[White "pgierech"]
[Black "ysar"]
[Result "0-1"]
[WhiteElo "1906"]
[BlackElo "2152"]

1. e4 e5 2. f4 exf4 3. Nf3 g5 4. Bc4 g4 5. O-O gxf3 6. Qxf3 Qf6 7. e5 Qxe5 8.
Bxf7+ Kxf7 9. d4 Qf5 10. g4 Qg6 11. Bxf4 Nf6 12. g5 Be7 13. Kh1 Qe4 14. Qxe4
Nxe4 15. Be5+ Kg8 16. Bxh8 Kxh8 17. Re1 d5 18. Nd2 Bf5 19. Nf3 Nd7 20. c3 Rg8
21. h4 Bd6 22. Rad1 Ng3+ 23. Kg2 Be4 24. Re3 h6 25. Kh3 Bf4 0-1

[Event "Challenge"]
[Site "http://www.queenalice.com/game.php?id=987979"]
[Date "2011.9.21"]
[Round "-"]
[White "albemo"]
[Black "ysar"]
[Result "0-1"]
[WhiteElo "1841"]
[BlackElo "2162"]

1. d4 d5 2. Nf3 c6 3. c4 e6 4. cxd5 exd5 5. Bf4 Nf6 6. e3 Be7 7. Be2 O-O 8. O-O
Nh5 9. Bxb8 Rxb8 10. Nc3 Nf6 11. Qc2 Bg4 12. Rac1 Bd6 13. h3 Bh5 14. Ne5 Bxe2
15. Qxe2 Nd7 16. Nxd7 Qxd7 17. Rc2 f5 18. Qf3 Rf6 19. Rfc1 Rbf8 20. a3 g5 21.
Qe2 Bb8 22. b4 Qd6 23. g3 f4 24. e4 fxg3 25. e5 gxf2+ 26. Qxf2 Rxf2 27. exd6
Rxc2 28. Rxc2 Bxd6 29. Rf2 Rxf2 30. Kxf2 Kf7 31. Kf3 Kg6 32. Nd1 h5 33. Ne3 Bf4
34. Ng2 Kf5 35. Nxf4 gxf4 36. h4 b5 37. Kg2 Ke4 0-1